| 000 | 01236nam a22003737a 4500 | ||
|---|---|---|---|
| 001 | BR0305051 | ||
| 003 | BR-BrBNA | ||
| 005 | 20230928101408.0 | ||
| 007 | ta | ||
| 008 | 230509b bl.||||| |||| 00| 0 por d | ||
| 040 |
_aBR-BrBNA _bpor _cBiblioteca Nacional de Agricultura |
||
| 041 | _a(Por) | ||
| 072 | _aP01; P30; P10 | ||
| 090 | _ P01 BR0305051 | ||
| 110 | 1 | _aMinistério da Agricultura, Pecuária e Abastecimento, Brasília, DF (Brasil) | |
| 110 | 1 |
_aMinistério de Minas e Energia, Brasília, DF (Brasil) _97103 |
|
| 110 | 1 | _aMinistério do Meio Ambiente, Brasília, DF (Brasil) | |
| 245 | 1 | _aZoneamento ecológico-econômico da região integrada de desenvolvimento do Distrito Federal e entorno; fase 1: v. 2 geomorfologia, solos, aptidão agrícola | |
| 260 | 3 |
_aBrasília, DF (Brasil): _c[nd]. |
|
| 300 | _avp. | ||
| 500 | _a16 tables; 15 illus. | ||
| 650 | _aZONEAMENTO ECOLÓGICO | ||
| 650 | _aGEOMORFOLOGIA | ||
| 650 | _aSOLO | ||
| 650 | _aTOPOGRAFIA | ||
| 650 | _aAPTIDÃO AGRÍCOLA | ||
| 650 | _aRECURSO DO SOLO | ||
| 650 | _aMEIO AMBIENTE | ||
| 650 | _aRECURSO HÍDRICO | ||
| 650 | _aBALANÇO HÍDRICO | ||
| 650 | _aDISTRITO FEDERAL | ||
| 909 |
_a202309 _bLucia _c55 _dLucia Elande |
||
| 942 | _cBK | ||
| 999 |
_c65606 _d65606 |
||